London International Airport Destinations (London, Canada) - Statistics

General Stats
  • This quiz has been taken 35 times
    15 since last reset
  • The average score is 4 of 7
Answer Stats
Airline Destination % Correct
Air Canada Express Toronto (Pearson)
100%
Flair Airlines Vancouver
93%
WestJet Calgary
71%
Air Transat/WestJet Cancún
50%
Air Transat/WestJet Punta Cana
29%
WestJet Varadero
29%
WestJet Cayo Coco
14%
No matching quizzes found
Score Distribution
Percent of People with Each Score
Percentile by Number Answered
Your Score History
You have not taken this quiz since the last reset